| 000 | 01274nam0a22002771 4500 | ||
|---|---|---|---|
| 001 | rc\4357095 | ||
| 005 | 20260406161632.0 | ||
| 021 |
_aRU _b[59-54733] |
||
| 035 | _a(NLR Aleph) 008281380 | ||
| 090 |
_a8518567 _c8518567 |
||
| 100 | _a20130416d1959 |||y0rusy50 ca | ||
| 101 | 0 | _arus | |
| 102 | _aRU | ||
| 105 | _ab c ||||| | ||
| 200 | 1 |
_aКартография _eМетод. указания _eДля студентов I курса геогр. фак. гос. ун-тов _fМ-во высш. и сред. спец. образования СССР. Науч.-метод. кабинет по заоч. обучению при Моск. гос. ун-те им. М.В. Ломоносова |
|
| 205 | _a2-е изд. | ||
| 210 |
_aЛенинград _cИзд-во Ленингр. гос. ун-та _d1959 |
||
| 215 |
_a40 с., 1 отд. л. карт. _d22 |
||
| 300 | _a1-е изд. вышло под загл. Метод. указания по курсу... | ||
| 700 | 1 |
_aГедымин _bА.В. _gАндрей Войцехович |
|
| 712 | 0 | 2 |
_aМГУ им. М. В. Ломоносова _bЗаочное отделение _3RU\NLR\AUTH\889933000 _9361198 |
| 801 | 0 |
_aRU _bNLR _gpsbo |
|
| 801 | 1 |
_aRU _bELAR _2rusmarc |
|
| 852 |
_aNLR _j59-6/8014 |
||
| 942 | _cBOOK | ||
| 980 | _aNB | ||